Zváranie I profilu metódou MIG/MAG štyrmi horákmi súčasne
Enregistré dans:
| Auteur principal: | |
|---|---|
| Autres auteurs: | |
| Format: | Manuscrit Livre |
| Langue: | slovaque |
| Publié: |
STU v Bratislave MTF UVTE KZv,
2010
|
| Sujets: | |
| Accès en ligne: | VAIS |
| Tags: |
Pas de tags, Soyez le premier à ajouter un tag!
|
MARC
| LEADER | 00000ntm a22000003a 4500 | ||
|---|---|---|---|
| 001 | stu208193 | ||
| 005 | 20160719160253.4 | ||
| 008 | 100722s2010------------------------slo-d | ||
| 040 | |a STU |b slo | ||
| 041 | 0 | |a slo | |
| 100 | 1 | |a Buday, Milan, |d 1977- |4 aut |X 12845 |7 A000012845 | |
| 242 | 0 | 0 | |a I shaped iron welding by MIG/MAG method with four torches together |y eng |
| 245 | 1 | |a Zváranie I profilu metódou MIG/MAG štyrmi horákmi súčasne | |
| 260 | |b STU v Bratislave MTF UVTE KZv, |c 2010 | ||
| 650 | 7 | |a MIG/MAG |2 stusub | |
| 650 | 7 | |a MIG/MAG |2 stusub | |
| 700 | 1 | |a Kolenič, František, |d 1949- |4 ths |X 5232 |7 A000005232 | |
| 856 | 4 | |a info a plný text |u http://is.stuba.sk/zp/portal_zp.pl?podrobnosti=75442 |3 VAIS | |
| 996 | |c M*DP-9679 |l MMSKP |s P |a 0 |w stu208193_0001 | ||